01109cam a22002895a 4500001001400000003000400014005001700018008004100035020002600076040006500102082002300167100003600190245006300226260004300289300003600332500002400368504004100392650003300433650004600466650003500512650005600547651001000603653003700613942000800650999001700658952014400675ssj0000201689OSt20201128021540.0080708t2009 njua frb 001 0 eng d a9780470377048 (cloth) aDLCcDLCdYDXdYDXCPdCDXdBTCTAdDLCdWaSeSSdEG-ScBUEbeng04a621.30284222bMUN1 aMunk, Benq(Benedikt A.)93150110aMetamaterials :bcritique and alternatives /cBen A. Munk. aHoboken :bJohn Wiley & Sons,cc.2009. axviii, 189 p. :bill. ;c25 cm. aIndex : p. 185-189. aIncludes bibliographical references. 7aMetamaterials.2BUEsh931680 0aAntennas (Electronics)xMaterials.2BUEsh 7aElectromagnetism.2BUEsh91928 0aRadio wave propagationxMathematical models.2BUEsh 2BUEsh bENGELCcAugust2015cDecember2015 2ddc c20766d20738 00102ddc40708BaccahaMAINbMAINc1STd2015-08-31ePurchaseg696.00h23317l0o621.30284 MUNp000039587r2025-07-15 00:00:00v870.00yBB